Didáctica de la geografía: problemas sociales y conocimiento del medio

Furkejuvvon:
Bibliográfalaš dieđut
Váldodahkki: Souto González, Xosé Manuel (Dahkki)
Materiálatiipa: Girji
Giella:espánnjágiella
Almmustuhtton: Barcelona Del Serbal 1999
Preanttus:2a. ed
Ráidu:La Estrella Polar, 11
Fáttát:
Fáddágilkorat: Lasit fáddágilkoriid
Eai fáddágilkorat, Lasit vuosttaš fáddágilkora!

MARC

LEADER 00000cam a2200000 a 4500
001 UCF5674
003 CL-VaPUC
008 130322e19990000SP |||||||||||||||||spa|d
020 |a 8476282206 
082 0 4 |a 372.891  |b SOU  |2 21 
100 0 |a Souto González, Xosé Manuel  |e author  |9 567650 
245 1 0 |a Didáctica de la geografía: problemas sociales y conocimiento del medio 
250 |a 2a. ed 
300 |a 401 p 
942 |c BK 
945 |d 20130322 00:00:00  |a cmena 
260 |a Barcelona  |b Del Serbal  |c 1999 
650 0 |a Enseñanza de la geografía  |9 310005 
650 0 |a Geografía física   |9 259347 
650 0 |a Geografía humana  |9 267193 
650 0 |a Métodos de enseñanza  |9 270413 
650 0 |a Problemas sociales  |9 258537 
650 0 |a Planificación del currículo  |9 269599 
583 |a last modification  |c 20130322 12:27:00  |k Rodrigo Vera 
490 0 |a La Estrella Polar, 11 
999 |c 351132  |d 351130 
952 |0 0  |1 0  |4 0  |6 372_891000000000000_SOU_1999  |7 0  |8 A  |9 455083  |a BIBING  |b BIBING  |d 2019-11-22  |i 495310K  |o 372.891 SOU 1999  |p 495310K  |r 2025-01-20  |w 2019-11-22  |y BK  |k GEO 
952 |0 0  |1 0  |3 erb  |4 0  |6 372_891000000000000_SOU_1999  |7 0  |8 A  |9 455084  |a BIBING  |b BIBING  |i 5134684  |o 372.891 SOU 1999  |p 5134684  |r 2025-01-20  |w 2019-11-22  |y BK  |z Catalogado en:20150109  |k GEO